Enhanced edition of understanding basic statistics / (Record no. 436)

MARC details
000 -LEADER
fixed length control field 00703nam a22002057a 4500
005 - DATE AND TIME OF LATEST TRANSACTION
control field 20230614131517.0
008 - FIXED-LENGTH DATA ELEMENTS--GENERAL INFORMATION
fixed length control field 230614b |||||||| |||| 00| 0 eng d
020 ## - INTERNATIONAL STANDARD BOOK NUMBER
International Standard Book Number 9781305873490
040 ## - CATALOGING SOURCE
Original cataloging agency KMU
Transcribing agency KMU
050 ## - LIBRARY OF CONGRESS CALL NUMBER
Classification number QA 276.12 Bra
100 ## - MAIN ENTRY--PERSONAL NAME
Personal name Brase, Charles Henry
245 ## - TITLE STATEMENT
Title Enhanced edition of understanding basic statistics /
Statement of responsibility, etc. by Charles Henry Brase and Corrinne Pellillo Brase
250 ## - EDITION STATEMENT
Edition statement 7th Edition
Remainder of edition statement Instructor's annotated edition
260 ## - PUBLICATION, DISTRIBUTION, ETC.
Place of publication, distribution, etc. USA ;
Name of publisher, distributor, etc. Cengage learning ,
Date of publication, distribution, etc. 2017 .
300 ## - PHYSICAL DESCRIPTION
Extent xxv, 590pages ;
Other physical details illustration (som. col.) ,
Dimensions 28 cm .
500 ## - GENERAL NOTE
General note Includes an index
650 ## - SUBJECT ADDED ENTRY--TOPICAL TERM
Source of heading or term Oclc
Topical term or geographic name entry element Statistics
700 ## - ADDED ENTRY--PERSONAL NAME
Personal name Brase, Corrinne Pellillo
942 ## - ADDED ENTRY ELEMENTS (KOHA)
Source of classification or shelving scheme Library of Congress Classification
Koha item type Non-Fiction
Edition 7th Edition
Suppress in OPAC No
Holdings
Withdrawn status Lost status Source of classification or shelving scheme Damaged status Not for loan Collection Home library Current library Shelving location Date acquired Source of acquisition Total Checkouts Total Renewals Full call number Barcode Date last seen Date last checked out Price effective from Koha item type
    Library of Congress Classification     Non-fiction Kapasa Makasa University Kapasa Makasa University Open Access 14.06.2023 DOC MWALE 2 1 QA 276.12 Bra 300051 22.08.2024 07.08.2024 14.06.2023 Non-Fiction